| 000 | 01119cam a22001934a 4500 | ||
|---|---|---|---|
| 005 | 20250605164034.0 | ||
| 008 | 250528s ||||||||||||||||||||||||d | ||
| 035 | _a16743 | ||
| 020 | _a870784544 | ||
| 040 |
_aGR-AtMCL _bgre _dGR-AtMCL _eAACR2 |
||
| 245 | 1 | _aTurkey's Transformation and American Policy / A Century Foundation Book | |
| 260 |
_bThe Century Foundation Press, _c2000 |
||
| 300 | _a298 | ||
| 520 | _aA book of balance and judgement. Foreword, Acknowledgements, Introduction and Overview, Betwixt and Between: Turkey's Political Structure on the Cusp of the Twenty-First Century, Turkey and the Kurds: Missing Another Opportunity?, The Turkish Economy at the Turn of a New Century: Critical and Comparative Perspectives, Some Turkish Perspectives on the United States and American Policy toward Turkey, The Complexities of American Policymaking on Turkey, The United States and Turkey and Greece - Three's a Crowd, U.S. Policy toward Turkey: Progress and Problems, Notes, Index, About the Contributors. | ||
| 700 | 1 |
_aAbramowitz Morton _92833 |
|
| 942 | _cBK | ||
| 999 |
_c2213 _d2213 |
||